Top 8 Drivers with the Most Overtakes in the 2021 F1 Season - Statistics

General Stats
  • This quiz has been taken 122 times
  • The average score is 6 of 8
Answer Stats
Number of overtakes Driver % Correct
132 Sebastian Vettel
93%
128 Fernando Alonso
90%
112 Daniel Ricciardo
84%
116 Carlos Sainz
82%
115 Checo Pérez
80%
118 Lance Stroll
74%
110 Yuki Tsunoda
63%
127 Kimi Räikkönen
62%
No matching quizzes found
Score Distribution
Percent of People with Each Score
Percentile by Number Answered
Your Score History
You have not taken this quiz